Jornadas contra el ALCA: otra América es posible

Gardado en:
Detalles Bibliográficos
Formato: Texto
Etiquetas: Engadir etiqueta
Sen Etiquetas, Sexa o primeiro en etiquetar este rexistro!

MARC

LEADER 00000 a a2200000 04500
001 48390
003
040
245 |a Jornadas contra el ALCA:   |b otra América es posible  
246 |a Separata  
773 |g número361, (2002), 16 páginas  
999 |c 24466  |d 24466